00722nam a2200217Ia 4500003000400000005001700004008004100021040000700062082001700069100003600086245003000122260005800152300001100210365001300221650003700234650003000271906003000301942001200331999001900343952014200362OSt20230608160452.0210423s2004 xx 000 0 und d cAL a323 SHRH223 aSHRIVUSTAVA (Sudharani)9122848 aHumanity and human rights aNew DelhibAtlantic Publishers and Distributorsc2004 axi,202 b450cINR aCivil & Political Rights9122849 aPolitical Science9122850 ahuman ; Humanity ; rights 2ddccBK c174082d174082 001040708MSWaSACPGbSACPGd2005-08-24eAlka Prakashang450.00l1o323 SHRHpPG020747r2022-09-30 00:00:00s2022-09-17w2021-04-26yBK